La sociedad humana

Salvato in:
Dettagli Bibliografici
Autore principale: Davis, Kingsley (Autore)
Natura: Libro
Lingua:spagnolo
Pubblicazione: Buenos Aires EUDEBA 1986
Edizione:2a. ed
Serie:Manuales
Soggetti:
Tags: Aggiungi Tag
Nessun Tag, puoi essere il primo ad aggiungerne!!

MARC

LEADER 00000nam a2200000 a 4500
001 UCW7774
003 CL-VaPUC
008 930902e19860000AG |||||||||||||||||spa|d
082 0 4 |a 301  |b DAV  |2 21 
100 0 |a Davis, Kingsley  |e author  |9 312987 
245 1 3 |a La sociedad humana 
250 |a 2a. ed 
300 |a 706 p 
942 |c BK 
945 |d 19930902 00:00:00 
260 |a Buenos Aires  |b EUDEBA  |c 1986 
650 0 |a Sociología   |9 255410 
650 0 |a Civilización   |9 255823 
583 |a last modification  |c 19930902 00:00:00  |k Rodrigo Vera 
490 0 |a Manuales 
999 |c 220435  |d 220433 
952 |0 0  |1 0  |4 0  |6 301_000000000000000_DAV_1986  |7 0  |8 P  |9 212654  |a BIBEDU  |b BIBEDU  |c BIBEDU_PB  |d 2019-11-15  |i 2808315  |o 301 DAV 1986  |p 2808315  |r 2024-01-25  |w 2019-11-15  |y BK  |k EDU